Largest Urban Areas in Japan - Statistics

General Stats
  • This quiz has been taken 69 times
  • The average score is 10 of 13
Answer Stats
Population City % Correct
17,700,000 Osaka
100%
41,000,000 Tokyo
100%
10,500,000 Nagoya
98%
1,870,000 Hiroshima
96%
2,500,000 Sapporo
93%
2,825,000 Fukuoka
89%
1,510,000 Sendai
85%
2,175,000 Okayama
70%
1,310,000 Hamamatsu
59%
1,970,000 Kitakyushu
59%
1,130,000 Shizuoka
52%
1,150,000 Kumamoto
48%
1,240,000 Naha
41%
No matching quizzes found
Score Distribution
Percent of People with Each Score
Percentile by Number Answered
Your Score History
You have not taken this quiz